| Tag |
First Indicator |
Second Indicator |
Subfields |
| LEADER |
00000cam a22000001a 4500 |
| 001 |
in00004102113 |
| 005 |
20200117092743.0 |
| 006 |
m d f |
| 007 |
cr bn mmmapmmp |
| 008 |
120316m20119999mdu ob f000 0 eng d |
| 035 |
|
|
|a chdc20120488
|
| 040 |
|
|
|a UMI
|c UMI
|d UtOrBLW
|
| 043 |
|
|
|a a-af---
|a n-us---
|a a-pk---
|
| 086 |
0 |
|
|a Y 4.F 76/1:112-97
|
| 110 |
1 |
|
|a United States.
|b Congress.
|b House.
|b Committee on Foreign Affairs.
|b Subcommittee on the Middle East and South Asia.
|0 http://id.loc.gov/authorities/names/no2007048313
|
| 245 |
1 |
0 |
|a 2014 and beyond :
|b U.S. policy toward Afghanistan and Pakistan : hearing before the Subcommittee on the Middle East and South Asia of the Committee on Foreign Affairs, House of Representatives, One Hundred Twelfth Congress, first session.
|
| 246 |
3 |
0 |
|a U.S. policy toward Afghanistan and Pakistan
|
| 264 |
|
1 |
|a Bethesda, Md. :
|b ProQuest,
|c 2011.
|
| 300 |
|
|
|a volumes, digital, PDF file.
|
| 336 |
|
|
|a text
|b txt
|2 rdacontent
|
| 337 |
|
|
|a computer
|b c
|2 rdamedia
|
| 338 |
|
|
|a online resource
|b cr
|2 rdacarrier
|
| 500 |
|
|
|a "November 3, 2011"--Pt. 1.
|
| 500 |
|
|
|a Shipping list number: 2012-0215-P (pt. 1).
|
| 504 |
|
|
|a Includes bibliographical references.
|
| 500 |
|
|
|a "Serial number 112-97"--Pt. 1.
|
| 500 |
|
|
|a Record is based on bibliographic data in ProQuest Congressional Hearings Digital Collection. Reuse except for individual research requires license from ProQuest, LLC.
|
| 500 |
|
|
|a Electronic resource.
|
| 533 |
|
|
|a Electronic reproduction.
|b [Bethesda, Md.] :
|c ProQuest,
|d 2012.
|e digital, PDF file.
|n ProQuest Congressional Hearings Digital Collection.
|n Mode of access: World Wide Web via ProQuest website.
|
| 538 |
|
|
|a System requirements: PDF reader software.
|
| 610 |
2 |
0 |
|a Taliban.
|0 http://id.loc.gov/authorities/names/no98126907
|
| 650 |
|
0 |
|a Afghan War, 2001-
|0 http://id.loc.gov/authorities/subjects/sh2004004460
|
| 650 |
|
0 |
|a Disengagement (Military science)
|0 http://id.loc.gov/authorities/subjects/sh85038422
|
| 650 |
|
0 |
|a Internal security
|z Afghanistan.
|
| 650 |
|
0 |
|a Terrorism
|z United States
|x Prevention.
|0 http://id.loc.gov/authorities/subjects/sh2008112795
|
| 650 |
|
0 |
|a Terrorism
|z Pakistan
|x Prevention.
|
| 651 |
|
0 |
|a United States
|x Foreign relations
|z Afghanistan.
|0 http://id.loc.gov/authorities/subjects/sh2007100158
|
| 651 |
|
0 |
|a Afghanistan
|x Foreign relations
|z United States.
|0 http://id.loc.gov/authorities/subjects/sh2008114096
|
| 651 |
|
0 |
|a United States
|x Military relations
|z Afghanistan.
|
| 651 |
|
0 |
|a Afghanistan
|x Military relations
|z United States.
|
| 651 |
|
0 |
|a United States
|x Armed Forces
|z Afghanistan.
|
| 651 |
|
0 |
|a United States
|x Foreign relations
|z Pakistan.
|0 http://id.loc.gov/authorities/subjects/sh2007100127
|
| 651 |
|
0 |
|a Pakistan
|x Foreign relations
|z Afghanistan.
|
| 776 |
0 |
8 |
|i Print version:
|a United States. Congress. House. Committee on Foreign Affairs. Subcommittee on the Middle East and South Asia.
|t 2014 and beyond
|w (OCoLC)780285830
|z 9780160905568
|z 0160905567
|
| 776 |
0 |
8 |
|i Microfiche version:
|a United States. Congress. House. Committee on Foreign Affairs. Subcommittee on the Middle East and South Asia.
|t 2014 and beyond
|d [Bethesda, Md.] : ProQuest,[2012]
|o CIS 2012 H381-55
|w (ProQuest)cis01200779
|
| 856 |
4 |
0 |
|u http://proxy.library.tamu.edu/login?url=http://search.proquest.com/congcomp/getdoc?HEARING-ID=HRG-2011-FOA-0107
|y Electronic resource (PDF)
|t 0
|
| 998 |
|
|
|a cis01200779
|
| 999 |
f |
f |
|s b7b26348-e6c8-3013-84ef-5d92fe1d1c8f
|i 4c3caba1-6c5e-3ddd-9aa2-71b19ddb8dd5
|t 0
|
| 952 |
f |
f |
|a Texas A&M University
|b College Station
|c Electronic Resources
|d Available Online
|t 0
|e Y 4.F 76/1:112-97
|h Superintendent of Documents classification
|
| 998 |
f |
f |
|a Y 4.F 76/1:112-97
|t 0
|l Available Online
|